[Event "Women-Veterans"]
[Site "Vienna"]
[Date "1993.??.??"]
[Round "?"]
[White "Galliamova, Alisa"]
[Black "Olafsson, Fridrik"]
[Result "1-0"]
[WhiteElo "2445"]
[BlackElo "2485"]

1.d4 Nf6 2.c4 g6 3.Nf3 Bg7 4.g3 O-O 5.Bg2 d6 6.O-O c6 7.Nc3 Qa5 8.h3 Be6
9.Qd3 d5 10.cxd5 cxd5 11.Qb5 Qxb5 12.Nxb5 Rc8 13.Bf4 Ne8 14.Rfc1 Nc6 15.e3 f6
16.g4 h6 17.Ne1 Bf7 18.Nd3 e5 19.Bg3 Rd8 20.Nc5 Rab8 21.Rd1 b6 22.Na6 Rbc8
23.Rac1 Ne7 24.Bf1 Rxc1 25.Rxc1 Rc8 26.Rxc8 Nxc8 27.Nb4 Ned6 28.Nxd6 Nxd6
29.dxe5 Ne4 30.exf6 Bxf6 31.Bb8 a5 32.Nd3 d4 33.Bc7 dxe3 34.fxe3 Nd2 35.b3 a4
36.bxa4 Nc4 37.Kf2 Bh4+ 38.Ke2 Bf6 39.Bg2 Bg5 40.Nf4 Nb2 41.Bc6 Bc4+ 42.Kf3 Bxa2
43.Bxb6 Bb3 44.a5 Nc4 45.Bc7 Be7 46.a6 Bc5 47.Bd5+ Kh7 48.Ke2 g5 49.Nd3 Ba7
50.e4 Kg7 51.Nc1  1-0

[Event "Villalba op"]
[Site "Villalba"]
[Date "1993.??.??"]
[Round "7"]
[White "Kolev, Atanas"]
[Black "Roa Alonso, Santiago"]
[Result "1-0"]
[WhiteElo "2510"]
[BlackElo "2330"]

1.d4 Nf6 2.Nf3 g6 3.c4 Bg7 4.g3 O-O 5.Bg2 d6 6.O-O Nbd7 7.Nc3 e5 8.e4 exd4
9.Nxd4 Re8 10.h3 Nc5 11.Re1 a5 12.Rb1 Nfd7 13.Be3 Ne5 14.b3 a4 15.Rb2 axb3
16.axb3 Bd7 17.Rd2 Qc8 18.Kh2 Nc6 19.Ndb5 Ne5 20.Nd5 Bxb5 21.cxb5 Ned7 22.Rc2 c6
23.Nf4 Bf8 24.Rc4 Nf6 25.bxc6 bxc6 26.Qc2 Ne6 27.Rd1 Nxf4 28.Bxf4 c5 29.b4 Ra3
30.Qb2 Ra6 31.b5 Bg7 32.e5 dxe5 33.bxa6 exf4 34.Qb7  1-0

[Event "Voskresensk2"]
[Site "Voskresensk"]
[Date "1993.??.??"]
[Round "?"]
[White "Mesropov, Konstantin"]
[Black "Fedorov, Alexei"]
[Result "1/2-1/2"]
[WhiteElo "2370"]
[BlackElo "2490"]

1.d4 Nf6 2.c4 g6 3.g3 Bg7 4.Bg2 O-O 5.Nf3 d6 6.O-O c5 7.Nc3 Nc6 8.h3 cxd4
9.Nxd4 Nxd4 10.Qxd4 a6  1/2-1/2

[Event "Wattens op"]
[Site "Wattens"]
[Date "1993.??.??"]
[Round "?"]
[White "Cosma, Ioan"]
[Black "Wurzer, Gerhard"]
[Result "1-0"]
[WhiteElo "2400"]
[BlackElo "1875"]

1.d4 Nf6 2.c4 g6 3.Nf3 Bg7 4.g3 d6 5.Bg2 O-O 6.O-O Nc6 7.Nc3 e5 8.dxe5 Nxe5
9.Nxe5 dxe5 10.Qxd8 Rxd8 11.Bg5 h6 12.Bxf6 Bxf6 13.Nd5 Kg7 14.Nxc7 Rb8 15.Nd5 Be6
16.Rad1 Bxd5 17.Bxd5 Be7 18.b3 Bc5 19.Rd3 b6 20.g4 Rd6 21.Kg2 Rbd8 22.Rfd1 a5
23.h4 R8d7 24.h5 g5 25.Rf3 Rf6 26.Rxf6 Kxf6 27.Kf3 Ba3 28.Ke4 Bb2 29.Rd3 Rd6
30.Rf3+  1-0

[Event "Werfen op"]
[Site "Werfen"]
[Date "1993.??.??"]
[Round "3"]
[White "Zysk, Robert"]
[Black "Ziger, Silvestar"]
[Result "1-0"]
[WhiteElo "2440"]
[BlackElo "2250"]

1.Nf3 Nf6 2.d4 g6 3.c4 Bg7 4.g3 O-O 5.Bg2 d6 6.O-O Nbd7 7.Nc3 e5 8.e4 a6
9.h3 b5 10.dxe5 dxe5 11.Be3 b4 12.Nd5 Nxe4 13.Nd2 Nxd2 14.Qxd2 Rb8 15.Nxb4 Bb7
16.Nc6 Bxc6 17.Bxc6 Nb6 18.Qxd8 Rfxd8 19.b3 Bf8 20.Rad1 Be7 21.c5 Nc8 22.Rxd8+ Bxd8
23.Rd1 Na7 24.Bd5  1-0

[Event "Werfen"]
[Site "Werfen"]
[Date "1993.??.??"]
[Round "6"]
[White "Neckar, Lubomir"]
[Black "Basagic, Zlatko"]
[Result "0-1"]
[WhiteElo "2360"]
[BlackElo "2415"]

1.Nf3 g6 2.d4 Nf6 3.g3 Bg7 4.Bg2 O-O 5.c4 d6 6.Nc3 Nc6 7.O-O a6 8.d5 Na5
9.Nd2 c5 10.Qc2 Rb8 11.b3 b5 12.Bb2 bxc4 13.bxc4 Bh6 14.Ncb1 Bd7 15.Bc3 Qc7
16.e3 Bg7 17.Na3 Rb4 18.Rab1 Rfb8 19.Nb3 Ba4 20.Qd3 Bxb3 21.axb3 R4b7 22.Qc2 Ne8
23.Bxg7 Nxg7 24.Rfd1 Rxb3 25.Rxb3 Rxb3 26.Ra1 Qb6 27.Bf1 Qb4 28.Nb1 Ne8 29.Rxa5 Rxb1
30.Rxa6 Qe1 31.Qd3 Rb2  0-1

[Event "SWZ-GP Wohlen"]
[Site "Wohlen"]
[Date "1993.??.??"]
[Round "1"]
[White "Cvitan, Ognjen"]
[Black "Nemet, Ivan"]
[Result "1/2-1/2"]
[WhiteElo "2575"]
[BlackElo "2415"]

1.d4 Nf6 2.Nf3 g6 3.c4 Bg7 4.g3 O-O 5.Bg2 d6 6.O-O c6 7.Nc3 Bf5 8.b3 Ne4
9.Bb2 Nxc3 10.Bxc3 Be4 11.e3 Nd7 12.Bh3 Bxf3 13.Qxf3 Nf6 14.Rfe1 d5 15.Qe2 e6  1/2-1/2

[Event "Wohlen op"]
[Site "Wohlen"]
[Date "1993.??.??"]
[Round "3"]
[White "Skomorokhin, Roman"]
[Black "Zueger, Beat"]
[Result "1/2-1/2"]
[WhiteElo "2445"]
[BlackElo "2415"]

1.d4 Nf6 2.c4 g6 3.Nf3 Bg7 4.g3 O-O 5.Bg2 d6 6.O-O a6 7.Nc3 c6 8.a4 a5 9.h3 Nbd7
10.Qc2 e5 11.Rd1 exd4 12.Nxd4 Re8 13.b3 Qb6 14.Ba3 Nh5 15.e3 Nxg3 16.fxg3 Rxe3
17.Nce2 Nc5 18.Kh2 Nxb3 19.Rab1 Bxd4 20.Nxd4 Nxd4 21.Qd2 Rb3 22.Rxb3 Qxb3
23.Bxd6 Nf3+ 24.Bxf3 Qxf3 25.Be5 Bd7 26.Kg1 Qf5 27.Ba1 Re8 28.Rf1 Qe6 29.Qb2 Qe3+
30.Kh1 Qe4+ 31.Kg1 Qe3+ 32.Kh1 Qe4+ 33.Kg1 Qe3+  1/2-1/2

[Event "SWZ-GP Wohlen"]
[Site "Wohlen"]
[Date "1993.??.??"]
[Round "4"]
[White "Nemet, Ivan"]
[Black "Gallagher, Joseph G"]
[Result "1-0"]
[WhiteElo "2415"]
[BlackElo "2500"]

1.d4 Nf6 2.c4 g6 3.Nf3 Bg7 4.g3 O-O 5.Bg2 d6 6.O-O Nbd7 7.Nc3 e5 8.e4 exd4
9.Nxd4 Re8 10.Re1 a6 11.Rb1 Rb8 12.b3 Nc5 13.h3 Bd7 14.a4 h6 15.Kh2 Kh7 16.b4 Ne6
17.Nde2 Ng5 18.f3 Bxh3 19.Bxg5 hxg5 20.Bxh3 g4 21.Bxg4 Nxg4+ 22.fxg4 Qg5
23.Kg2 Qxg4 24.Nd4 Qd7 25.Qd3 Kg8 26.Nf3 Rbd8 27.Rbd1 Qe6 28.Nd5 Rc8 29.a5 Qg4
30.Nh2 Qe6 31.b5 Be5 32.b6 cxb6 33.axb6 Red8 34.Nc7 Qd7 35.Qf3 Qa4 36.Ng4 Qxc4
37.Rc1 Qd4 38.Nh6+ Kg7 39.Qxf7+ Kh8 40.Ng4  1-0

[Event "Wohlen op"]
[Site "Wohlen"]
[Date "1993.??.??"]
[Round "6"]
[White "Christen, Peter"]
[Black "Zueger, Beat"]
[Result "0-1"]
[WhiteElo "2245"]
[BlackElo "2415"]

1.d4 Nf6 2.Nf3 g6 3.c4 Bg7 4.g3 O-O 5.Bg2 d6 6.O-O a6 7.Nc3 c6 8.b3 b5 9.Bb2 Nbd7
10.Nd2 Qb6 11.Qc2 Bb7 12.Rad1 Rab8 13.e4 Qxd4 14.Nxb5 Qb6 15.Nc3 Nc5 16.Ne2 e5
17.h3 a5 18.Bc3 Ne6 19.c5 Qxc5 20.Nc4 Ba6 21.Rd2 d5 22.exd5 cxd5 23.Nxe5 d4
24.Nxd4 Qxe5 25.Nc6 Qc5 26.Rc1 Rbc8 27.Bxf6 Rxc6 28.Qxc5 Rxc5 29.Rxc5 Nxc5
30.Be7 Rc8 31.Rd5 Bf8 32.Bf6 Bg7 33.Be7 Bf8 34.Re5 Bxe7 35.Rxe7 Bb5 36.Bd5 Be8
37.Ra7 a4 38.b4 Ne6 39.f4 Rd8 40.Bg2 Rd1+ 41.Kf2 Rd2+ 42.Kg1 Rxa2 43.Ra8 Nc7
44.Rc8 Rc2 45.b5 a3 46.Bd5 Rb2 47.Rxc7 Rxb5 48.Rc8 Kf8 49.Bc6 Rb1+ 50.Kf2 a2
51.Rxe8+ Kg7 52.Ra8 a1=Q 53.Rxa1 Rxa1 54.h4 Ra3 55.Bd5 h6 56.Be4 Kf6 57.Bd5 Ke7
58.Be4 Kd6 59.Bf3 Kc5 60.Bb7 Kd4 61.Bc6 Re3 62.Bf3 Rc3 63.Bb7 Rc7 64.Ba8 f6
65.Kf3 Rc3+ 66.Kf2 g5 67.fxg5 hxg5 68.Bf3 Rc2+ 69.Be2 g4 70.Kf1 f5 71.Bb5 Ke3
72.Bd7 Kf3 73.Ke1 Rc1+ 74.Kd2 Rc5 75.Be6 Kxg3 76.h5 f4 77.Bf7 f3 78.h6 f2
79.h7 f1=Q 80.h8=Q Qxf7 81.Qb8+ Qf4+  0-1

[Event "SWZ-GP Wohlen"]
[Site "Wohlen"]
[Date "1993.??.??"]
[Round "9"]
[White "Baburin, Alexander"]
[Black "Nemet, Ivan"]
[Result "1/2-1/2"]
[WhiteElo "2550"]
[BlackElo "2415"]

1.d4 Nf6 2.c4 g6 3.Nf3 Bg7 4.g3 O-O 5.Bg2 d6 6.O-O c6 7.Nc3 Bf5 8.Ne1 Qd7
9.e4 Bh3 10.Qe2 Bxg2 11.Kxg2 c5 12.d5 e6 13.Nc2 exd5 14.cxd5 Na6 15.f3 Nc7
16.a4 b6 17.Bd2  1/2-1/2

[Event "Zalakaros op"]
[Site "Zalakaros"]
[Date "1993.??.??"]
[Round "7"]
[White "Horvath, Jozsef"]
[Black "Pesztericz, Laszlo"]
[Result "1/2-1/2"]
[WhiteElo "2535"]
[BlackElo "2245"]

1.d4 Nf6 2.Nf3 g6 3.c4 Bg7 4.g3 O-O 5.Bg2 d6 6.Nc3 Nc6 7.O-O e5 8.d5 Ne7
9.e4 Ne8 10.b4 f5 11.c5 h6 12.Nd2 f4 13.Nc4 g5 14.g4 h5 15.h3 hxg4 16.hxg4 Ng6
17.f3 Rf7 18.a4 Bf8 19.Ba3 Rh7 20.a5 Qf6 21.Qa4 Bd7 22.c6 bxc6 23.dxc6 Be6
24.b5 Nh4 25.Nd5 Bxd5 26.exd5 e4 27.Bb2 Qh6 28.Qc2 Nxf3+ 29.Kf2 Qh4+ 30.Ke2 Qg3
31.Kd1 Rh2 32.Qxe4 Qxg2 33.Qe6+ Kh7 34.Qf5+ Kg8  1/2-1/2

[Event "Zaragoza op"]
[Site "Zaragoza"]
[Date "1993.??.??"]
[Round "?"]
[White "Voiska, Margarita"]
[Black "Ubilava, Elizbar"]
[Result "1/2-1/2"]
[WhiteElo "2345"]
[BlackElo "2530"]

1.d4 Nf6 2.c4 g6 3.Nf3 Bg7 4.g3 O-O 5.Bg2 d6 6.O-O Nbd7 7.Nc3 e5 8.e4 c6
9.h3 Qa5 10.dxe5 Nxe5 11.Nxe5 dxe5 12.Bd2 Qc5 13.b3 Be6 14.Qc2 Rfd8 15.Be3 Qa5
16.a3 Qc7 17.c5 Qe7 18.Rfd1 Ne8 19.Rxd8 Rxd8 20.Rd1 f5 21.b4 Rxd1+ 22.Nxd1 Qd7
23.Qd2 Qxd2 24.Bxd2 Nf6 25.Nc3 Nxe4 26.Nxe4 fxe4 27.Be3 Kf7 28.Kh2 Bd5 29.h4 Ke7
30.Kg1 Kd7 31.Kf1 Kc7 32.Ke1 Bf8 33.Kd2 b6 34.Bh3 Bf7 35.Kc3 Bd5 36.Kd2 Bc4
37.Kc3 Ba2 38.Kb2 Bd5 39.Kc3 Kb7 40.Bg4 Bf7 41.Bh3 Bd5 42.Bg4 Bf7 43.Bh3 Bd5  1/2-1/2

[Event "Zillertal op"]
[Site "Zillertal"]
[Date "1993.??.??"]
[Round "?"]
[White "Espig, Lutz"]
[Black "Schueller, Ernst"]
[Result "1-0"]
[WhiteElo "2445"]
[BlackElo "2265"]

1.Nf3 Nf6 2.c4 d6 3.d4 g6 4.g3 Bg7 5.Bg2 O-O 6.O-O c6 7.Nc3 Qc7 8.e4 Bg4
9.h3 Bxf3 10.Bxf3 e5 11.d5 a5 12.Be3 Na6 13.Qd2 c5 14.Bg5 Qd7 15.Kg2 Nc7
16.Bd1 Kh8 17.Ba4 Qc8 18.f4 Ng8 19.f5 f6 20.Be3 Rf7 21.g4 g5 22.h4 gxh4 23.Rh1 h6
24.Rxh4 Qf8 25.Rah1 Kh7 26.Ne2 Rb8 27.Qd3 Qd8 28.Bd2 b6 29.Bc6 Na6 30.a3 Nc7
31.Ng1 Bf8 32.Qh3 b5 33.Bxh6  1-0

[Event "Zouberi zt"]
[Site "Zouberi"]
[Date "1993.??.??"]
[Round "3"]
[White "Arduman, Can"]
[Black "Soylu, Suat"]
[Result "1/2-1/2"]
[WhiteElo "2390"]
[BlackElo "2340"]

1.d4 Nf6 2.c4 g6 3.Nf3 Bg7 4.g3 O-O 5.Bg2 d6 6.O-O Nbd7 7.Nc3 e5 8.h3 exd4
9.Nxd4 Nb6 10.b3 c5 11.Nc2 Be6 12.Bb2 d5 13.Nxd5 Nfxd5 14.Bxg7 Kxg7 15.cxd5 Bxd5
16.Ne3 Bxg2 17.Kxg2 Qxd1  1/2-1/2

[Event "Aberdeen op"]
[Site "Aberdeen"]
[Date "1994.??.??"]
[Round "4"]
[White "Pert, Nicholas"]
[Black "Sheldon, Ruth"]
[Result "1/2-1/2"]
[WhiteElo "2090"]
[BlackElo "2095"]

1.d4 Nf6 2.Nf3 g6 3.c4 Bg7 4.g3 O-O 5.Bg2 d6 6.O-O c6 7.Nc3 a6 8.a4 a5 9.Qb3 Nbd7
10.e4 e5 11.Be3 exd4 12.Bxd4 Nc5 13.Qc2 Ne6 14.Rad1 Nxd4 15.Nxd4 Qb6 16.Nce2 Re8
17.Nb3 Qb4 18.f3 d5 19.cxd5 cxd5 20.Nc3 dxe4 21.fxe4 Be6 22.Nd4 Ng4 23.Nxe6 fxe6
24.Rd7 Bd4+ 25.Kh1 Ne3 26.Qd3 Qxb2 27.Ne2 Nxf1 28.Rxd4 Qa1 29.Ng1 Rf8 30.Rd7 Qc1
31.Qd6 Rae8 32.Bh3 Qc6 33.Qd4 e5 34.Qd3 Qf6 35.Qd5+ Rf7 36.Rxf7 Qxf7 37.Qxf7+ Kxf7
38.Bxf1 Rd8 39.Bc4+ Kf6 40.Bd5 Rb8 41.Bc4 Rd8 42.Bd5  1/2-1/2

[Event "Aberdeen op"]
[Site "Aberdeen"]
[Date "1994.??.??"]
[Round "5"]
[White "Pert, Nicholas"]
[Black "Bates, Richard"]
[Result "0-1"]
[WhiteElo "2090"]
[BlackElo "2260"]

1.d4 Nf6 2.Nf3 g6 3.c4 Bg7 4.g3 O-O 5.Bg2 d6 6.O-O Nc6 7.Nc3 Bg4 8.Bg5 Nd7
9.d5 Bxf3 10.exf3 Nd4 11.Re1 Re8 12.Ne2 c5 13.Nxd4 cxd4 14.Qd2 a5 15.Re2 Ne5
16.b3 a4 17.f4 d3 18.Ree1 Ng4 19.Rab1 Bd4 20.Rf1 Qb6 21.Bf3 Ne3 22.Rfc1 Nc2
23.bxa4 Qc5 24.Qxd3 Bxf2+ 25.Kh1 Nd4 26.Bg4 Rxa4 27.Rb2 Ra3 28.Rc3 Rxc3 29.Qxc3 Nf5
30.Rb5 Qe3 31.Qxe3 Bxe3 32.Bxf5 gxf5 33.Rxb7 f6 34.Bh4 Kf7 35.Rb3 Bd4 36.Rd3 Bc5
37.g4 fxg4 38.Kg2 Rb8 39.Rb3 Ra8 40.Rb2 Be3 41.Bg3 Ra4 42.Re2 Bc5 43.Rc2 Kg6
44.h3 h5 45.hxg4 hxg4 46.Bf2 Kf5 47.Bxc5 dxc5 48.Re2 Rxc4 49.Rxe7 Rc2+ 50.Kg3 Rc3+
51.Kg2 Rd3 52.Rd7 Kxf4 53.Re7  0-1

[Event "Aberdeen op"]
[Site "Aberdeen"]
[Date "1994.??.??"]
[Round "6"]
[White "Bisby, Daniel L"]
[Black "Hastings, Jonathan"]
[Result "1-0"]
[WhiteElo "2125"]
[BlackElo "2215"]

1.d4 Nf6 2.c4 g6 3.g3 Bg7 4.Bg2 d6 5.Nf3 O-O 6.O-O Nbd7 7.Nc3 e5 8.e4 a5
9.h3 h6 10.Be3 b6 11.Qc2 Bb7 12.dxe5 Nxe5 13.Nxe5 dxe5 14.Rfd1 Qe7 15.Nd5 Nxd5
16.cxd5 Rac8 17.h4 Qd7 18.Kh2 f5 19.Bh3 h5 20.Rac1 Rf7 21.Qe2 Rcf8 22.Rd2 Qd6
23.Bg5 Kh7 24.exf5 Bxd5 25.Rxd5 Qxd5 26.Bg2 Qd7 27.fxg6+ Kxg6 28.Be4+ Rf5
29.g4 hxg4 30.Qxg4 Kh7 31.Rd1 Qf7 32.Rd8 Rxd8 33.Qxf5+ Qxf5 34.Bxf5+ Kg8
35.Bxd8 Bf8 36.Bxc7 Bc5 37.Bxe5 Bxf2 38.h5 Be3 39.Kg3 Bh6 40.a4 Kf7 41.Bd4 Bg7
42.Bxg7 Kxg7 43.Kf4 Kh6 44.Ke5 Kxh5 45.Kd5 Kg5 46.Bc2 Kf6 47.Kc6 Ke7 48.Kxb6 Kd8
49.Kxa5 Kc7 50.b4 Kb7 51.b5 Ka7 52.b6+ Kb7  1-0

[Event "Abierto op"]
[Site "Abierto"]
[Date "1994.??.??"]
[Round "5"]
[White "Kolev, Atanas"]
[Black "Moreno Sanchis, Jordi Alex"]
[Result "1/2-1/2"]
[WhiteElo "2490"]
[BlackElo "2270"]

1.d4 g6 2.Nf3 Nf6 3.c4 Bg7 4.g3 O-O 5.Bg2 d6 6.O-O Nc6 7.Nc3 a6 8.d5 Na5
9.Nd2 c5 10.Qc2 Rb8 11.b3 b5 12.Bb2 bxc4 13.bxc4 Bh6 14.f4 e5 15.dxe6 Bxe6
16.Nd5 Bxd5 17.cxd5 Ng4 18.Nb3 Nxb3 19.axb3 Qb6 20.Qc3 f6 21.Bh3 Qxb3 22.Qxb3 Rxb3
23.Bc1 f5 24.Bxg4 fxg4 25.Rxa6 Re8 26.Re1 Bf8 27.Kf2 Re4 28.Ra8 Kf7 29.Ra7+ Kg8
30.Ra8 Kf7 31.Ra7+ Kg8  1/2-1/2

[Event "Abierto op"]
[Site "Abierto"]
[Date "1994.??.??"]
[Round "6"]
[White "Kolev, Atanas"]
[Black "Del Rey, Diego"]
[Result "1/2-1/2"]
[WhiteElo "2490"]
[BlackElo "2400"]

1.d4 Nf6 2.Nf3 g6 3.c4 Bg7 4.g3 O-O 5.Bg2 d6 6.O-O c6 7.Nc3 Bf5 8.Qb3 Qb6
9.Re1 Ne4 10.g4 Nxc3 11.gxf5 Qxb3 12.axb3 Ne4 13.fxg6 hxg6 14.Ng5 Nxg5 15.Bxg5 Re8
16.Red1 Nd7 17.b4 e6 18.e4 a6 19.Ra2 Rac8 20.b3 Rc7 21.Rad2 Nf8 22.Rd3 e5
23.dxe5 dxe5 24.Bh3 f6 25.Be3 Rf7 26.Rd8 Rxd8 27.Rxd8 f5 28.Bc5 Kh7 29.Re8 fxe4
30.Re7 Kg8 31.Bc8 Rxe7 32.Bxe7 Kf7 33.Bd6 b6 34.Bxa6 Ne6 35.b5 cxb5 36.Bxb5 Kf6
37.b4 Bh6 38.c5 bxc5 39.bxc5 Nd4 40.Bd7 e3 41.fxe3 Bxe3+ 42.Kg2 Ne6 43.c6 Bb6
44.Kf3 Bc7 45.Bxc7 Nxc7 46.Ke4 Nb5 47.Bg4 Nc7 48.h3 Na6 49.Be2 Nc7 50.Bc4 g5
51.Bb3 Nb5 52.Kd5 Na7 53.c7 Nc8 54.Bc4 Ne7+ 55.Ke4 Nc8 56.Be2 Ke6 57.Bg4+ Kd6
58.Bxc8 Kxc7 59.Ba6 Kd6 60.Kf5 Ke7 61.Kg6 Kf8 62.Bc4 e4 63.Kh6 e3 64.Kh7 Ke7
65.Kg7 Ke8 66.Be2 Ke7 67.Bc4 Ke8 68.Bd3 Ke7 69.Bb5 Ke6 70.Kg6 Ke7 71.Kf5 Kf7
72.Ke4 Kg7 73.Kxe3 Kf6 74.Ke4 Kg7 75.Kf5 Kh8 76.Bc4 Kg7 77.Bd5 Kh8 78.Kf6 Kh7
79.Be6 Kh8 80.Kf7 Kh7 81.Kf8 Kh8 82.Bf5 g4 83.hxg4  1/2-1/2

[Event "Abierto op"]
[Site "Abierto"]
[Date "1994.??.??"]
[Round "8"]
[White "Kolev, Atanas"]
[Black "Romero Holmes, Alfonso"]
[Result "1/2-1/2"]
[WhiteElo "2490"]
[BlackElo "2455"]

1.d4 Nf6 2.Nf3 g6 3.c4 Bg7 4.g3 O-O 5.Bg2 d6 6.O-O Nc6 7.Nc3 a6 8.d5 Na5
9.Nd2 c5 10.Qc2 Rb8 11.b3 b5 12.Bb2 bxc4 13.bxc4 Bh6 14.f4 e5 15.dxe6 Bxe6
16.Nd5 Bxd5 17.Bxd5 Nxd5 18.cxd5 Rxb2 19.Qxb2 Bg7 20.Qc1 Qf6 21.Nb3 Nxb3
22.axb3 Qxa1 23.Qxa1 Bxa1 24.Rxa1 Ra8 25.e4 Kf8 26.Kf2 f5 27.exf5 gxf5 28.g4 fxg4
29.Kg3 Kf7 30.Kxg4 Kf6 31.h3 a5 32.Ra4 Ra7 33.Ra1 h5+ 34.Kxh5 Kf5 35.Kh6 Kxf4
36.h4 Ke4 37.Kg6 Kxd5 38.h5 Kd4 39.h6 Kc3 40.h7 Rxh7 41.Kxh7 Kxb3 42.Rxa5 c4  1/2-1/2

[Event "Altensteig-J"]
[Site "Altensteig"]
[Date "1994.??.??"]
[Round "?"]
[White "Froehlich, Peter"]
[Black "Schmaltz, Roland"]
[Result "0-1"]
[WhiteElo "2215"]
[BlackElo "2445"]

1.d4 g6 2.c4 Bg7 3.Nf3 d6 4.g3 Nf6 5.Bg2 O-O 6.O-O Nbd7 7.Nc3 e5 8.h3 exd4
9.Nxd4 Re8 10.e4 Nc5 11.Re1 Bd7 12.Nb3 Na4 13.Nxa4 Bxa4 14.Qc2 Nd7 15.Bd2 h5
16.Bc3 Bxc3 17.Qxc3 h4 18.Nd4 hxg3 19.Qxg3 Qf6 20.Qe3 c5 21.Ne2 Qxb2 22.Rab1 Qf6
23.Rxb7 Nb6 24.Nc3 Bc6 25.Rc7 Nxc4 26.Qc1 Ne5 27.Qa3 a5 28.Rd1 Qd8 29.Rxc6 Nxc6
30.Nd5 Nb4 31.Nf4 Qg5 32.Qf3 Rad8 33.a3 Nc6 34.Nd5 Re6 35.Qc3 Qe5 36.Qd2 Rb8
37.Qh6 Qh5 38.Qd2 Nd4 39.Nf4 Qg5 40.Qe3 Qxf4  0-1

[Event "Altensteig"]
[Site "Altensteig"]
[Date "1994.??.??"]
[Round "8"]
[White "Dautov, Rustem"]
[Black "Har Zvi, Ronen"]
[Result "1/2-1/2"]
[WhiteElo "2630"]
[BlackElo "2470"]

1.d4 Nf6 2.c4 g6 3.Nf3 Bg7 4.g3 O-O 5.Bg2 d6 6.O-O c6 7.Nc3 Qa5 8.e4 Bg4
9.h3 Bxf3 10.Bxf3 Nfd7 11.Rb1 c5 12.d5 a6 13.Bd2 b5 14.cxb5 axb5 15.a3 Ne5
16.Be2 b4 17.Nb5 Nf3+ 18.Bxf3 Qxb5 19.Be2 Qa5 20.Qb3 Nd7 21.axb4 cxb4 22.Qxb4 Qxb4
23.Bxb4 Rfb8 24.Bc3 Nc5 25.f3  1/2-1/2

[Event "Alushta3"]
[Site "Alushta"]
[Date "1994.??.??"]
[Round "3"]
[White "Fominyh, Alexander"]
[Black "Korotylev, Alexey"]
[Result "1-0"]
[WhiteElo "2515"]
[BlackElo "2415"]

1.d4 Nf6 2.Nf3 g6 3.c4 Bg7 4.g3 O-O 5.Bg2 d6 6.O-O Nbd7 7.Qc2 e5 8.Rd1 Re8
9.e4 c6 10.Nc3 Qe7 11.Be3 exd4 12.Nxd4 Nc5 13.f3 a5 14.Bf2 Nfd7 15.b3 Ne5
16.h3 a4 17.Rab1 axb3 18.axb3 Na6 19.Na2 Nc5 20.Nc1 Ne6 21.f4 Nd7 22.Nxe6 Qxe6
23.Ne2 Nf6 24.Nc3 h5 25.Rd3 h4 26.gxh4 Nh5 27.Rf3 Qe7 28.Re1 Bf6 29.Rf1 Bxh4
30.f5 Bxf2+ 31.Qxf2 g5 32.h4 g4 33.Rd3 Kh7 34.Qd2 Qxh4 35.Rxd6 Nf6 36.Qf4 Ra5
37.Rd3 Kg7 38.Rh3 gxh3 39.Qxh4 hxg2 40.Rf3 Ra1+ 41.Kxg2  1-0

[Event "Alushta2"]
[Site "Alushta"]
[Date "1994.??.??"]
[Round "4"]
[White "Kharitonov, Andrei Y"]
[Black "Golubev, Mihail"]
[Result "1/2-1/2"]
[WhiteElo "2535"]
[BlackElo "2560"]

1.d4 Nf6 2.Nf3 g6 3.c4 Bg7 4.g3 O-O 5.Bg2 d6 6.O-O Nbd7 7.Qc2 e5 8.Rd1 Qe7
9.Nc3 c6 10.e4 exd4 11.Nxd4 Re8 12.b3 Nc5 13.f3 Nfd7 14.Bb2 a5 15.Nce2 Ne5
16.Rab1  1/2-1/2

[Event "Alushta2"]
[Site "Alushta"]
[Date "1994.??.??"]
[Round "7"]
[White "Timoshenko, Georgy"]
[Black "Golubev, Mihail"]
[Result "1-0"]
[WhiteElo "2520"]
[BlackElo "2560"]

1.d4 Nf6 2.Nf3 g6 3.c4 Bg7 4.g3 O-O 5.Bg2 d6 6.O-O Nbd7 7.Nc3 e5 8.e4 exd4
9.Nxd4 Re8 10.h3 a6 11.Re1 Rb8 12.Rb1 Ne5 13.b3 c5 14.Nc2 b5 15.cxb5 axb5
16.f4 Ned7 17.Qxd6 Nh5 18.Qd3 c4 19.Qe3 b4 20.Nd5 Qa5 21.bxc4 Qxa2 22.Qb3 Qxb3
23.Rxb3 Nc5 24.Rxb4 Rxb4 25.Ncxb4 Nxg3 26.Be3 Ncxe4 27.Bf2 Bd7 28.Nc7 Rc8
29.Nbd5 Nxf2 30.Ne7+ Kf8 31.Nxc8 Nd3 32.Re7 Bh6 33.Bd5 Bxc8 34.Rxf7+ Kg8
35.Rd7+ Kh8 36.Rd8+ Kg7 37.Rxc8 Nxf4 38.Ne6+ Kf6 39.Nxf4 Bxf4 40.c5 Nf5 41.c6 Bg3  1-0

[Event "Aruba m"]
[Site "Aruba"]
[Date "1994.??.??"]
[Round "1"]
[White "Polugaevsky, Lev"]
[Black "Piket, Jeroen"]
[Result "0-1"]
[WhiteElo "2595"]
[BlackElo "2605"]

1.Nf3 g6 2.d4 Bg7 3.c4 d6 4.g3 Nf6 5.Bg2 O-O 6.O-O Nbd7 7.Nc3 e5 8.e4 c6
9.b3 exd4 10.Nxd4 Re8 11.h3 Nc5 12.Re1 a5 13.Bf4 h6 14.Qc2 Nfd7 15.Be3 Kh7
16.Rad1 Qb6 17.Nde2 Qb4 18.Rb1 a4 19.Bd2 axb3 20.axb3 Qb6 21.Be3 Qb4 22.Red1 Ra3
23.Nb5 cxb5 24.Bd2 Qxb3 25.Rxb3 Rxb3 26.Bc3 Bxc3 27.Nxc3 bxc4 28.Rxd6 b5
29.f4 b4 30.Nd1 c3 31.e5 Nxe5 32.g4 Nc4 33.Rf6 Re7 34.Bd5 Na3 35.Qf2 c2 36.Qd2 Rd3  0-1

[Event "AUT-ch"]
[Site "Austria"]
[Date "1994.??.??"]
[Round "1"]
[White "Krebs, Johann"]
[Black "Ebner, Hubert"]
[Result "1/2-1/2"]
[WhiteElo "2120"]
[BlackElo "2265"]

1.d4 Nf6 2.c4 g6 3.g3 Bg7 4.Bg2 O-O 5.Nf3 d6 6.O-O Nc6 7.d5 Na5 8.Nfd2 c5
9.Nc3 a6 10.Rb1 Rb8 11.Qc2 b5 12.b3 bxc4 13.bxc4 Rxb1 14.Qxb1 Bd7 15.Bb2 Qc7
16.Qc2 Rb8 17.Rb1 h5  1/2-1/2

[Event "AUT-ch"]
[Site "Austria"]
[Date "1994.??.??"]
[Round "3"]
[White "Wohlfahrt, Herbert J"]
[Black "Schein, Karl Heinz"]
[Result "1-0"]
[WhiteElo "2270"]
[BlackElo "2155"]

1.d4 Nf6 2.Nf3 g6 3.c4 Bg7 4.g3 O-O 5.Bg2 d6 6.O-O Nc6 7.Nc3 Bg4 8.d5 Na5
9.Qd3 c5 10.h3 Bd7 11.e4 a6 12.e5 Ne8 13.Qe2 dxe5 14.Nxe5 Nd6 15.Re1 Re8
16.b3 Nf5 17.Bb2 Nd4 18.Qd1 Bf5 19.g4 Bc2 20.Qd2 Bxb3 21.axb3 Naxb3 22.Qf4 f6
23.Nd3 Nxa1 24.Bxa1 Nc2 25.Rc1 Nxa1 26.Rxa1 f5 27.Ne5 Rf8 28.Qe3 f4 29.Qe4 Qd6
30.Re1 Rae8 31.Nb1 Bxe5 32.Qxe5 Qxe5 33.Rxe5 b5 34.Nd2 Kf7 35.Bf1 Rb8 36.Re6 Ra8
37.cxb5 axb5 38.Bxb5 Rfb8 39.Bc6 Ra2 40.Ne4 Rb1+ 41.Kg2 Rbb2 42.Kf3 h6 43.Kxf4 c4
44.Bd7 Ra7 45.Bc8 Rc7 46.Rc6 Ra7 47.Rxc4 Ra3 48.Be6+ Kg7 49.Rc7 Kf8 50.h4 Rb4
51.Ke5 Ra8 52.Rc8+ Rxc8 53.Bxc8 Kf7 54.Be6+ Kg7 55.f4 Rb1 56.f5 Rh1 57.fxg6 Rxh4
58.Bf5 h5 59.gxh5 Rxh5 60.Ke6 Kf8 61.Ke5 Rh1 62.Be6 Rf1 63.Bf7 Re1 64.Kf4 Rf1+
65.Kg4 Kg7 66.Nc5 Kf6 67.Ne4+ Kg7 68.Ng3 Re1 69.Kg5 Kf8 70.Nh5 Rg1+ 71.Kf5 Rg2
72.Be6 Rf2+ 73.Ke4  1-0

[Event "AUT-ch"]
[Site "Austria"]
[Date "1994.??.??"]
[Round "4"]
[White "Loebler, Heimo"]
[Black "Sinowjew, Juri"]
[Result "1/2-1/2"]
[WhiteElo "2245"]
[BlackElo "2325"]

1.d4 Nf6 2.c4 g6 3.Nf3 Bg7 4.g3 O-O 5.Bg2 d6 6.O-O Nc6 7.d5 Na5 8.Nbd2 b5
9.cxb5 Nxd5 10.Rb1 Bd7 11.e4 Nb4 12.Nb3 c5 13.Nxa5 Qxa5 14.a3 Na2 15.Bg5 Rfe8
16.e5 Bxb5 17.Qb3 Bxf1 18.Bxf1 Nb4 19.axb4 Qxb4 20.Qd5 dxe5 21.Bxe7 Rac8
22.Bd6 Red8 23.Ng5 Rc7 24.Nxf7 Rxf7 25.Bc4 Qxc4 26.Qxc4 Rxd6 27.Ra1 Rd7 28.Qxc5 Bf6
29.Ra6 e4 30.Rxf6 Rd1+ 31.Kg2 Rxf6 32.Qc4+ Kg7 33.Qxe4 Rd2 34.Qe7+ Rf7 35.Qe5+ Kg8
36.Qe8+ Kg7 37.Qe5+ Kg8 38.Qe8+ Kg7  1/2-1/2

[Event "AUT-ch"]
[Site "Austria"]
[Date "1994.??.??"]
[Round "6"]
[White "Loebler, Heimo"]
[Black "Schlosser, Michael"]
[Result "1-0"]
[WhiteElo "2245"]
[BlackElo "2365"]

1.d4 Nf6 2.c4 g6 3.Nf3 Bg7 4.g3 O-O 5.Bg2 d6 6.O-O Nbd7 7.Nc3 e5 8.e4 exd4
9.Nxd4 Nc5 10.h3 Re8 11.Re1 Bd7 12.Rb1 a5 13.b3 Qc8 14.Kh2 Re5 15.f3 Rh5
16.h4 Qd8 17.Be3 h6 18.Kg1 Kh7 19.Qc2 c6 20.Rbd1 Qc7 21.Nde2 Ne8 22.Nf4 Re5
23.Bd4 Re7 24.Bxg7 Kxg7 25.Qf2 f6 26.Qc2 Qb6 27.e5 f5 28.Ncd5 cxd5 29.Nxd5 Qd8
30.Nxe7 Qxe7 31.exd6 Qf6 32.Re7+ Kh8 33.Qf2 Rc8 34.Qd2 f4 35.Qxf4 Qxf4 36.gxf4 Ng7
37.Re5 Nf5 38.h5 Kg7 39.hxg6 Kxg6 40.Rdd5 b6 41.Rxf5 Bxf5 42.Rxf5 Kxf5 43.Bh3+ Kxf4
44.Bxc8 Ke5 45.d7 Ne6 46.Kf2 Nd8 47.Ba6 h5 48.Bb5 h4 49.a3 Kd4 50.Kg2 Kc3
51.Kh3 Kxb3 52.a4  1-0

[Event "AUT-ch"]
[Site "Austria"]
[Date "1994.??.??"]
[Round "8"]
[White "Sommerbauer, Norbert"]
[Black "Freitag, Manfred"]
[Result "1/2-1/2"]
[WhiteElo "2365"]
[BlackElo "2285"]

1.Nf3 Nf6 2.c4 g6 3.d4 Bg7 4.g3 O-O 5.Bg2 d6 6.Nc3 Nbd7 7.O-O e5 8.e4 exd4
9.Nxd4 Re8 10.h3 a6 11.Be3 Rb8 12.a4 Ne5 13.b3 Bd7 14.Re1 h6 15.f4 Nc6 16.Rc1 Nxd4
17.Bxd4 c5 18.Bf2 Bc6 19.Qd3 Qc7 20.Nd5 Nxd5 21.cxd5 Bd7 22.b4 b6 23.a5 bxa5
24.bxc5 Bb5 25.Qa3 Bf8 26.cxd6 Bxd6 27.Bc5 Bxc5+ 28.Rxc5 Qb6 29.Kh2 Rec8
30.Rec1 Rxc5 31.Rxc5 a4 32.e5 Be8 33.e6 Kh8 34.e7 f6 35.Bf1 Qe6 36.Qa1 g5
37.Bb5 h5 38.Rc2 a3 39.Qc3 a2 40.Qa5 Kg8 41.Rc3  1/2-1/2